[Event "78th UKR-ch"]
[Site "Alushta UKR"]
[Date "2009.05.16"]
[Round "6"]
[White "Finherov, Dmytro"]
[WhiteElo "2381"]
[Black "Dementiev, Oleg"]
[BlackElo "1959"]
[Result "1-0"]
[EventDate "2009.05.10"]
[PlyCount "81"]

1. e4 c6 2. d4 d5 3. exd5 cxd5 4. c4 Nf6 5. Nc3 Nc6 6. Bg5 Be6 7. c5 Ne4 8. Be3
Qa5 9. Nge2 g5 10. a3 Bg7 11. b4 Qc7 12. Nb5 Qd7 13. f3 Nf6 14. Bxg5 Nxb4 15.
axb4 Qxb5 16. Qd2 Qd7 17. Ng3 h5 18. h4 Bf5 19. Bb5 Qxb5 20. Nxf5 Kf8 21. Kf2
Ng8 22. Rhe1 f6 23. Bf4 Qd7 24. Nxe7 Nxe7 25. Bd6 Bh6 26. Rxe7 Qxd6 27. Qxh6+
Rxh6 28. cxd6 f5 29. Rxb7 Rxd6 30. Raxa7 Rxa7 31. Rxa7 Rb6 32. Rd7 Rb5 33. Ke3
Ke8 34. Rh7 Rxb4 35. Rxh5 f4+ 36. Kd3 Rb2 37. Rxd5 Rxg2 38. Rf5 Ke7 39. Ke4 Ke6
40. d5+ Kd6 41. Kxf4 1-0

[Event "78th UKR-ch"]
[Site "Alushta UKR"]
[Date "2009.05.16"]
[Round "6"]
[White "Luzhinsky, Vitaly"]
[WhiteElo "2298"]
[Black "Andrieiev, Volodymyr"]
[BlackElo "1950"]
[Result "1-0"]
[EventDate "2009.05.10"]
[PlyCount "73"]

1. d4 Nf6 2. c4 g6 3. Nc3 Bg7 4. e4 d6 5. f3 O-O 6. Bg5 h6 7. Be3 e5 8. d5 c5
9. Qd2 Kh7 10. Bd3 a6 11. Nge2 Ng8 12. g4 b5 13. cxb5 axb5 14. Nxb5 Na6 15.
Nbc3 Nb4 16. Bb1 f5 17. exf5 gxf5 18. Ng3 Ne7 19. O-O c4 20. Nh5 Ng8 21. Rf2
Kh8 22. Nxg7 Kxg7 23. gxf5 Bxf5 24. Ne4 Rb8 25. Kh1 Qh4 26. a3 Nd3 27. Bxd3
cxd3 28. Nxd6 e4 29. Qc3+ Kg6 30. Rg2+ Kh5 31. fxe4 Bg4 32. Qe5+ Kg6 33. Nf5
Qh3 34. Qg7+ Kh5 35. Ng3+ Kh4 36. Bg5+ hxg5 37. Qh7+ 1-0

[Event "78th UKR-ch"]
[Site "Alushta UKR"]
[Date "2009.05.16"]
[Round "6"]
[White "Rudak, Vladimir"]
[WhiteElo "2327"]
[Black "Trehubov, Vadym"]
[BlackElo "2237"]
[Result "0-1"]
[EventDate "2009.05.10"]
[PlyCount "71"]

1. e4 c5 2. Nf3 d6 3. d4 cxd4 4. Nxd4 Nf6 5. Nc3 a6 6. Bc4 e6 7. Bb3 b5 8. O-O
Be7 9. Qf3 Qc7 10. Qg3 Nc6 11. Nxc6 Qxc6 12. a4 b4 13. a5 Kf8 14. Na4 Qxe4 15.
Nb6 Rb8 16. Bd2 Bb7 17. Rfe1 Qf5 18. f3 Rd8 19. Bxb4 h5 20. h4 Ne8 21. Bc4 g5
22. Bd3 gxh4 23. Qh2 Qg5 24. Be4 Bxe4 25. Rxe4 Ng7 26. Rd1 Nf5 27. Bd2 Qg6 28.
Bc3 Rg8 29. b4 Ng3 30. Ree1 Qxc2 31. Ba1 Bg5 32. Qh3 Ne2+ 33. Kh1 Nf4 34. Qh2
Be7 35. Rc1 Qa2 36. g4 0-1

[Event "78th UKR-ch"]
[Site "Alushta UKR"]
[Date "2009.05.16"]
[Round "6"]
[White "Dolhopolov, Oleksandr"]
[WhiteElo "2268"]
[Black "Bogdanovich, Stanislav"]
[BlackElo "2414"]
[Result "1-0"]
[EventDate "2009.05.10"]
[PlyCount "81"]

1. d4 d5 2. c4 dxc4 3. e3 Nf6 4. Bxc4 e6 5. Nf3 c5 6. O-O Nc6 7. Nc3 a6 8. a4
Bd6 9. Qe2 Qc7 10. h3 O-O 11. Rd1 b6 12. dxc5 Bxc5 13. e4 Nd7 14. Be3 Bb7 15.
Rac1 Bxe3 16. Qxe3 Nc5 17. Ba2 Qe7 18. Re1 Rfd8 19. Bb1 Nb4 20. Rcd1 f6 21. Rd4
Nc6 22. Rd2 Rxd2 23. Nxd2 Rd8 24. Nc4 Qc7 25. Rc1 Nb3 26. Re1 Nbd4 27. Na3 e5
28. Ne2 Nxe2+ 29. Qxe2 Nd4 30. Qe3 Kf8 31. Ba2 Qc5 32. Kh2 Rc8 33. f4 exf4 34.
Qxf4 Re8 35. Nc4 Qc6 36. Nd6 Qc7 37. e5 Ne6 38. Qf5 Nd4 39. Nxe8 Qc6 40. Qg4 f5
41. Qxg7+ 1-0

[Event "78th UKR-ch"]
[Site "Alushta UKR"]
[Date "2009.05.16"]
[Round "6"]
[White "Stolpovskyi, Serhii"]
[WhiteElo "2151"]
[Black "Chos, Alexei"]
[BlackElo "2324"]
[Result "1-0"]
[EventDate "2009.05.10"]
[PlyCount "153"]

1. d4 Nf6 2. c4 d6 3. Nc3 g6 4. e4 Bg7 5. Be2 O-O 6. Nf3 e5 7. d5 Bg4 8. Bg5 h6
9. Be3 c6 10. Nd2 Bxe2 11. Qxe2 cxd5 12. cxd5 Qd7 13. Qb5 Qg4 14. O-O Nbd7 15.
Qb4 Rfc8 16. f3 Qh4 17. Rac1 b6 18. Nb3 Nc5 19. Nxc5 bxc5 20. Qc4 Rcb8 21. b3
Nh5 22. Bf2 Qg5 23. Nb5 Rb6 24. Na3 Nf4 25. Bg3 Rb4 26. Qc2 h5 27. Nc4 Rd8 28.
Na5 Rd7 29. Nc6 Rb6 30. Rfd1 Bh6 31. Bxf4 Qxf4 32. Qc3 h4 33. Rc2 f5 34. Re2
Kh7 35. Rf1 Rbb7 36. Qa5 Bg5 37. Qe1 Bf6 38. Qd2 Qxd2 39. Rxd2 fxe4 40. fxe4
Bg5 41. Re2 Rf7 42. Na5 Rxf1+ 43. Kxf1 Rd7 44. Nc4 Bf4 45. Kg1 Kg7 46. Rc2 Bg5
47. Rf2 Bf4 48. Rf3 Bg5 49. Kf1 Bd8 50. Ke2 Bc7 51. Rh3 Bd8 52. g3 hxg3 53.
Rxg3 Bc7 54. Rf3 Rd8 55. Kf2 Rb8 56. Kg3 a5 57. Kf2 Rb4 58. Ke2 Rb8 59. Ke3 Rh8
60. h3 Ra8 61. a4 Rh8 62. Na3 Bd8 63. Nb5 Be7 64. Na7 Rh4 65. Nc6 Bf6 66. Kd3
c4+ 67. bxc4 Rh8 68. Nxa5 Ra8 69. Nb7 Be7 70. c5 dxc5 71. d6 Bd8 72. Nxc5 Bb6
73. Ne6+ Kg8 74. Kc4 g5 75. Kb5 Ba5 76. Rf8+ Rxf8 77. Nxf8 1-0

[Event "78th UKR-ch"]
[Site "Alushta UKR"]
[Date "2009.05.16"]
[Round "6"]
[White "Baranov, Yuriy"]
[WhiteElo "2173"]
[Black "Razin, Vadim"]
[BlackElo "2284"]
[Result "1/2-1/2"]
[EventDate "2009.05.10"]
[PlyCount "128"]

1. d4 d5 2. Nf3 Nf6 3. c4 dxc4 4. e3 e6 5. Bxc4 c5 6. Nc3 a6 7. Bd3 Nc6 8. O-O
Be7 9. a3 O-O 10. dxc5 Bxc5 11. b4 Bd6 12. Bb2 Ne5 13. Nxe5 Bxe5 14. Qe2 Bd7
15. Rfd1 Qc7 16. Rac1 Bxh2+ 17. Kh1 Qb8 18. Ne4 Nxe4 19. Bxe4 Bb5 20. Qg4 g6
21. Bxb7 Ra7 22. Bf3 Be5 23. Bxe5 Qxe5 24. Qd4 Qxd4 25. Rxd4 Kg7 26. Rc5 Kf6
27. Bd1 Rb8 28. Bc2 Ke7 29. Kh2 Be8 30. Ra5 Rb5 31. Bd3 Rxa5 32. bxa5 Bb5 33.
Be4 f5 34. Bf3 e5 35. Rb4 e4 36. Bd1 Rd7 37. a4 Bd3 38. Bb3 Rc7 39. Rb6 Kf8 40.
Kg3 Kg7 41. Kf4 Kh6 42. f3 Rc1 43. Bd5 Rc5 44. fxe4 fxe4 45. Rd6 Rxa5 46. g4
Kg7 47. g5 Kf8 48. Rd7 Ke8 49. Bc6 Rf5+ 50. Kg4 Kf8 51. Rxh7 Rf3 52. Bd5 Rxe3
53. Rh8+ Kg7 54. Rg8+ Kh7 55. Re8 Re1 56. Re7+ Kh8 57. Re8+ Kg7 58. Kf4 Ra1 59.
Re7+ Kf8 60. Ra7 Rxa4 61. Ke5 Ra5 62. Kd6 Rxd5+ 63. Kxd5 e3 64. Ke6 e2 1/2-1/2

[Event "78th UKR-ch"]
[Site "Alushta UKR"]
[Date "2009.05.16"]
[Round "6"]
[White "Kalinina, Olga"]
[WhiteElo "2159"]
[Black "Kurayan, Ruslan"]
[BlackElo "2242"]
[Result "0-1"]
[EventDate "2009.05.10"]
[PlyCount "70"]

1. e4 c5 2. Nf3 d6 3. d4 cxd4 4. Nxd4 Nf6 5. Nc3 g6 6. f4 a6 7. Bd3 Bg7 8. Nf3
Nc6 9. O-O O-O 10. Qe1 Bg4 11. a3 Qa5 12. Bd2 Bxf3 13. Rxf3 Qb6+ 14. Be3 Nd4
15. Rh3 Ng4 16. Qh4 Rfc8 17. Nd5 Qxb2 18. Re1 Nxe3 19. Nxe7+ Kf8 20. Nxc8 Rxc8
21. Rhxe3 Nxc2 22. Bxc2 Bd4 23. Bd3 Rc1 24. Qf2 Qc3 25. Bf1 Qc5 26. R1e2 Rc3
27. Kh1 Bxe3 28. Qh4 Rc1 29. Re1 Qc3 30. e5 dxe5 31. Rxc1 Qxc1 32. Qd8+ Kg7 33.
Qd3 Bxf4 34. g3 Be3 35. h3 Qe1 0-1

[Event "78th UKR-ch"]
[Site "Alushta UKR"]
[Date "2009.05.16"]
[Round "6"]
[White "Cherednichenko, Svetlana"]
[WhiteElo "2361"]
[Black "Matsegora, Taras"]
[BlackElo "2196"]
[Result "1-0"]
[EventDate "2009.05.10"]
[PlyCount "125"]

1. d4 g6 2. c4 Bg7 3. e4 c5 4. d5 d6 5. Bd3 e6 6. f4 exd5 7. cxd5 Ne7 8. Nc3
O-O 9. h3 f5 10. Nf3 fxe4 11. Bxe4 Nd7 12. O-O Nf6 13. Bc2 a6 14. a4 b6 15. Re1
Rb8 16. g4 b5 17. axb5 axb5 18. Ra7 Re8 19. Kh2 b4 20. Ne4 Nxe4 21. Rxe4 Bd7
22. Ng5 Nc8 23. Rxd7 Qxd7 24. Ba4 Rb5 25. Bxb5 Qxb5 26. Ne6 Re7 27. b3 Bc3 28.
f5 Ra7 29. Qf3 Qe8 30. Nxc5 Re7 31. Ne6 Rf7 32. Bg5 Ne7 33. Bxe7 Qxe7 34. Rc4
Qe8 35. Kg2 h6 36. Qe3 g5 37. h4 Qa8 38. hxg5 Qxd5+ 39. Qf3 Qd2+ 40. Qf2 Qd5+
41. Qf3 Qd2+ 42. Kg1 Qe1+ 43. Qf1 Qg3+ 44. Kh1 Qh4+ 45. Kg2 hxg5 46. Qh1 Rd7
47. Qxh4 gxh4 48. g5 d5 49. Rc8+ Kf7 50. Nc5 Re7 51. Kh3 Re5 52. Rc7+ Ke8 53.
Rc8+ Kf7 54. Rc7+ Ke8 55. f6 Rf5 56. Re7+ Kf8 57. Nd7+ Kg8 58. Kxh4 Rf1 59. Kh5
Bxf6 60. Nxf6+ Kf8 61. Rd7 Rf3 62. Kg6 Rxb3 63. Rf7# 1-0

[Event "78th UKR-ch"]
[Site "Alushta UKR"]
[Date "2009.05.16"]
[Round "6"]
[White "Mukhtarov, Leonid"]
[WhiteElo "2115"]
[Black "Matiushyn, Oleh"]
[BlackElo "2222"]
[Result "1-0"]
[EventDate "2009.05.10"]
[PlyCount "85"]

1. Nf3 g6 2. g3 Bg7 3. d4 d5 4. Bg2 Nf6 5. c4 c6 6. cxd5 cxd5 7. Ne5 O-O 8. Nc3
Nc6 9. Nxc6 bxc6 10. O-O Ba6 11. Bf4 Nd7 12. Qd2 Qb6 13. Rfd1 Rfc8 14. Rac1 e6
15. e4 Bb5 16. Nxb5 Qxb5 17. Rc3 a5 18. Rdc1 Qb7 19. Bd6 Nb6 20. Rb3 a4 21. Rb4
Qd7 22. Bc5 Nc4 23. Qc2 Bf8 24. Bxf8 Kxf8 25. Rxa4 Rab8 26. b3 Nd6 27. Qc5 Kg7
28. Ra7 Qd8 29. e5 Nb7 30. Qb4 c5 31. dxc5 Nxc5 32. Qf4 Nd7 33. Rxc8 Rxc8 34.
Bxd5 Rc7 35. Ra8 Qe7 36. Bf3 Qc5 37. h4 Nxe5 38. Kg2 Nd3 39. Qd2 Rd7 40. h5 e5
41. h6+ Kf6 42. Ra6+ Rd6 43. Qxd3 1-0

[Event "78th UKR-ch"]
[Site "Alushta UKR"]
[Date "2009.05.16"]
[Round "6"]
[White "Kravchenko, Leonid"]
[WhiteElo "2180"]
[Black "Savvopulo, Anatoly"]
[BlackElo "2074"]
[Result "1-0"]
[EventDate "2009.05.10"]
[PlyCount "95"]

1. d4 Nf6 2. c4 e6 3. Nc3 d5 4. Bg5 c6 5. e3 Bb4 6. Rc1 Nbd7 7. Nf3 Qa5 8. Bxf6
Nxf6 9. Qc2 Qxa2 10. Nd2 Qa5 11. Bd3 Qd8 12. O-O O-O 13. c5 Ba5 14. Ra1 Bc7 15.
f4 Ng4 16. Bxh7+ Kh8 17. Rf3 f5 18. Rh3 Nh6 19. Bg6 Bd7 20. Bh5 Kg8 21. Be2 Qf6
22. Nf3 Nf7 23. g4 g6 24. gxf5 exf5 25. Kf2 Kg7 26. Rg1 Rh8 27. Rhg3 Rh6 28.
R1g2 Rah8 29. Bd3 Kf8 30. Ne2 Ke7 31. Qb1 Kd8 32. Qg1 Rg8 33. Ne5 Bxe5 34. dxe5
Qh4 35. Nd4 Re8 36. Kf1 Qe7 37. b4 Nh8 38. Qf2 a5 39. Qa2 axb4 40. Qa5+ Kc8 41.
Ra2 Qd8 42. Qxb4 Kb8 43. Rgg2 Kc7 44. Qxb7+ Kxb7 45. Rgb2+ Qb6 46. Rxb6+ Kc8
47. Ra7 Kd8 48. Nxc6+ 1-0

[Event "78th UKR-ch"]
[Site "Alushta UKR"]
[Date "2009.05.16"]
[Round "6"]
[White "Yermolkevych, Oleksii"]
[WhiteElo "2097"]
[Black "Havrysh, Leonid"]
[BlackElo "2155"]
[Result "1-0"]
[EventDate "2009.05.10"]
[PlyCount "157"]

1. e4 c5 2. Nf3 Nf6 3. Nc3 d5 4. exd5 Nxd5 5. Bb5+ Bd7 6. Ne5 Bxb5 7. Qf3 f6 8.
Qxd5 Qxd5 9. Nxd5 Na6 10. Nc3 Nc7 11. Nxb5 Nxb5 12. Nf3 e5 13. d3 Rc8 14. Bd2
c4 15. dxc4 Rxc4 16. c3 e4 17. Ng1 Bd6 18. Ne2 Kf7 19. a4 Nc7 20. b3 Rc6 21.
Nd4 Rc5 22. Rd1 Nd5 23. Nb5 Be5 24. c4 a6 25. Na3 Nf4 26. Bxf4 Bxf4 27. Ke2 Re8
28. g3 Be5 29. Rd7+ Re7 30. Rhd1 f5 31. Rxe7+ Kxe7 32. f3 f4 33. g4 e3 34. h4
Bf6 35. g5 Bb2 36. Nc2 h6 37. Nb4 Ba3 38. Nd5+ Kf7 39. gxh6 gxh6 40. Rd4 b5 41.
axb5 axb5 42. Rxf4+ Kg7 43. Nxe3 bxc4 44. bxc4 Re5 45. Re4 Rh5 46. f4 Kf7 47.
f5 Be7 48. Kf3 Rxh4 49. Rxh4 Bxh4 50. Kg4 Be7 51. Nd5 Bf8 52. Kh5 Kg7 53. Kh4
Bd6 54. Kg4 Kf7 55. Nc3 Bb4 56. Ne4 Bf8 57. Kh5 Ke7 58. Kg6 Kd7 59. f6 Ke6 60.
f7 h5 61. Ng5+ Ke5 62. Kxh5 Ba3 63. Nf3+ Kf6 64. Ng5 Ke5 65. Kg6 Bf8 66. Nh7
Be7 67. Nf6 Kd4 68. Nd5 Bf8 69. Nb6 Be7 70. Kf5 Bf8 71. Ke6 Bg7 72. Kd6 Bf8+
73. Kc6 Be7 74. Nc8 Bf8 75. Nd6 Ke5 76. c5 Ke6 77. Kc7 Ke7 78. c6 Ke6 79. Kb7
1-0

[Event "78th UKR-ch"]
[Site "Alushta UKR"]
[Date "2009.05.16"]
[Round "6"]
[White "Zaichuk, Vitalii"]
[WhiteElo "2038"]
[Black "Berezka, Alexandr"]
[BlackElo "2150"]
[Result "0-1"]
[EventDate "2009.05.10"]
[PlyCount "182"]

1. e4 c5 2. Nf3 d6 3. d4 cxd4 4. Nxd4 Nf6 5. Nc3 a6 6. f3 e6 7. Be3 Qc7 8. Qd2
Be7 9. O-O-O Bd7 10. Kb1 b5 11. g4 h6 12. h4 Nc6 13. Bh3 Ne5 14. g5 Nc4 15. Qf2
Nxe3 16. Qxe3 Ng8 17. g6 Bf6 18. gxf7+ Kxf7 19. a3 Ne7 20. f4 Rhd8 21. h5 Qc5
22. b4 Qc7 23. Rhe1 Rac8 24. Rd3 e5 25. fxe5 Bxe5 26. Rf1+ Bf6 27. Nd5 Nxd5 28.
exd5 Re8 29. Qg3 Bxh3 30. Qg6+ Kf8 31. Rxh3 Qf7 32. Ne6+ Rxe6 33. Qxf7+ Kxf7
34. dxe6+ Kxe6 35. Re3+ Be5 36. Ref3 Rc4 37. Rh1 a5 38. bxa5 Ra4 39. Ka2 b4 40.
Re1 Rxa5 41. Ree3 bxa3 42. Rxa3 Rc5 43. Kb3 Rb5+ 44. Kc4 Rb2 45. Kd3 Rb1 46.
Rh3 Kf5 47. Kc4 Rb2 48. Kd3 Rb1 49. Ra4 Rd1+ 50. Ke2 Rg1 51. Kf3 Rc1 52. Rc4
Ra1 53. Ke2 Kg5 54. Rb4 Ra2 55. Kd1 Bf4 56. Rf3 Be5 57. Rh3 Ra5 58. Ke2 Rc5 59.
c4 Ra5 60. Rh1 Ra3 61. Rbb1 Bd4 62. Rhg1+ Bxg1 63. Rxg1+ Kxh5 64. Rxg7 Rc3 65.
Rc7 d5 66. c5 Kg4 67. c6 Kf5 68. Rc8 Ke5 69. c7 Kd4 70. Rh8 Rc2+ 71. Kd1 Rxc7
72. Rxh6 Ra7 73. Rh4+ Kd3 74. Rh3+ Kc4 75. Rh8 Ra1+ 76. Kc2 Ra2+ 77. Kd1 d4 78.
Rh7 Kc3 79. Rd7 Kd3 80. Kc1 Rc2+ 81. Kb1 Rc4 82. Kb2 Rc6 83. Rd8 Ke3 84. Rh8
Rf6 85. Re8+ Kd2 86. Rd8 Rb6+ 87. Ka1 d3 88. Rc8 Kd1 89. Rd8 d2 90. Rc8 Rb4 91.
Rh8 Kc2 0-1

[Event "78th UKR-ch"]
[Site "Alushta UKR"]
[Date "2009.05.16"]
[Round "6"]
[White "Ivanets, Serhii"]
[WhiteElo "2228"]
[Black "Cherednichenko, Elena"]
[BlackElo "2134"]
[Result "1/2-1/2"]
[EventDate "2009.05.10"]
[PlyCount "234"]

1. e4 e5 2. Nf3 Nc6 3. d4 exd4 4. Nxd4 Nf6 5. Nxc6 bxc6 6. e5 Qe7 7. Qe2 Nd5 8.
c4 Nb6 9. g3 a5 10. Bg2 Qe6 11. Nd2 Bb4 12. O-O Bxd2 13. Bxd2 Nxc4 14. Bc3 O-O
15. Qh5 Re8 16. Rae1 Nb6 17. f4 Qg6 18. Qh4 Nd5 19. f5 Qh6 20. Qxh6 gxh6 21.
Bd4 Ba6 22. Rf2 Rab8 23. Re4 h5 24. a3 Bd3 25. Rh4 d6 26. Bxd5 cxd5 27. exd6
Re1+ 28. Kg2 cxd6 29. Rxh5 Re2 30. Rxe2 Bxe2 31. Rg5+ Kf8 32. Rg7 h5 33. Bf6
Rb3 34. Rh7 Ke8 35. Rh8+ Kd7 36. Rf8 Bf3+ 37. Kh3 Bg4+ 38. Kh4 Bxf5 39. Rxf7+
Ke6 40. Rf8 Bg4 41. Bc3 Rb5 42. Bd4 Rb3 43. Bc3 Rb5 44. h3 Bd1 45. g4 hxg4 46.
hxg4 Rc5 47. Rf1 Bc2 48. Bd4 Rc4 49. Rf4 Be4 50. Bc3 a4 51. Kg5 Bc2 52. Rf6+
Ke7 53. Rf1 d4 54. Bd2 Rc5+ 55. Kh6 Re5 56. g5 Re2 57. Bf4 Re6+ 58. Kh5 Bg6+
59. Kg4 Re2 60. Rc1 d3 61. Rc7+ Ke6 62. Rc6 Rg2+ 63. Kf3 Rxb2 64. Rxd6+ Kf7 65.
Rd4 Ra2 66. Rd7+ Ke8 67. Rd6 Bh5+ 68. Ke4 Rxa3 69. Ke5 Rb3 70. Kf6 Rb7 71. g6
Bxg6 72. Kxg6 Rd7 73. Re6+ Re7 74. Ra6 Re4 75. Kf5 Re2 76. Rxa4 d2 77. Rd4 Rf2
78. Ke4 Ke7 79. Bxd2 Ke6 80. Be3 Rh2 81. Ra4 Rh4+ 82. Bf4 Rh1 83. Ra6+ Kd7 84.
Be5 Re1+ 85. Kd5 Rd1+ 86. Bd4 Rc1 87. Rd6+ Ke7 88. Rh6 Kf7 89. Rf6+ Ke7 90. Rg6
Rf1 91. Ra6 Kf7 92. Ra7+ Kg6 93. Rg7+ Kh6 94. Be5 Rf5 95. Rg8 Kh5 96. Ke4 Rg5
97. Rf8 Kg4 98. Rf2 Kh5 99. Bf6 Rg4+ 100. Kf5 Rg5+ 101. Ke6 Rg3 102. Rf4 Rg4
103. Rf5+ Kg6 104. Be5 Ra4 105. Rf6+ Kg5 106. Rf3 Ra6+ 107. Bd6 Ra4 108. Rf8
Kg4 109. Rg8+ Kf3 110. Rg3+ Kf2 111. Be5 Ra5 112. Rb3 Ke2 113. Kf5 Ra4 114. Bf4
Ra5+ 115. Kg4 Ra4 116. Re3+ Kd1 117. Kf3 Kc2 1/2-1/2

[Event "78th UKR-ch"]
[Site "Alushta UKR"]
[Date "2009.05.16"]
[Round "6"]
[White "Burdalev, Kirill"]
[WhiteElo "2217"]
[Black "Varchenko, Hryhorii"]
[BlackElo "2125"]
[Result "0-1"]
[EventDate "2009.05.10"]
[PlyCount "56"]

1. d4 Nf6 2. Nf3 e6 3. Bg5 d5 4. Nbd2 Be7 5. e3 O-O 6. Bd3 b6 7. Qe2 c5 8. c3
Bb7 9. dxc5 bxc5 10. e4 Nc6 11. e5 Nd7 12. h4 Re8 13. Bf4 Nf8 14. O-O-O Qb6 15.
Ng5 g6 16. h5 Rab8 17. b3 c4 18. Bc2 Qa5 19. Kb1 Qxc3 20. Ndf3 cxb3 21. axb3
Ba6 22. Qe3 Qa5 23. hxg6 fxg6 24. Nd4 Nb4 25. Nxh7 Qa2+ 26. Kc1 Nxc2 27. Nxc2
Rec8 28. Kd2 Rxc2+ 0-1

[Event "78th UKR-ch"]
[Site "Alushta UKR"]
[Date "2009.05.16"]
[Round "6"]
[White "Borzov, Dmytro"]
[WhiteElo "2209"]
[Black "Strygin, Alexandr"]
[BlackElo "2092"]
[Result "0-1"]
[EventDate "2009.05.10"]
[PlyCount "86"]

1. d4 Nf6 2. c4 c5 3. d5 b5 4. cxb5 a6 5. e3 axb5 6. Bxb5 Qa5+ 7. Nc3 Bb7 8.
Nge2 Nxd5 9. O-O Nc7 10. a4 Ba6 11. Bd2 Qb6 12. e4 e6 13. Bg5 f6 14. Be3 Be7
15. Qd3 Nc6 16. f4 Bxb5 17. axb5 Rxa1 18. Rxa1 Nb4 19. Qd2 Kf7 20. Ra4 Qb7 21.
Ra5 d5 22. exd5 exd5 23. Bf2 d4 24. Nd1 Qb6 25. Ra1 Nxb5 26. Ng3 Bd6 27. Qe2
Bxf4 28. Qc4+ Kg6 29. Ne4 Qb8 30. Nxc5 Bxh2+ 31. Kh1 Rc8 32. Qxb4 Bd6 33. Bxd4
Nxd4 34. Qxd4 Rxc5 35. Qe4+ Kh6 36. Qe3+ Rg5 37. Ra4 Bg3 38. Rg4 Qe5 39. Re4
Qf5 40. Qe2 Rh5+ 41. Kg1 Bh2+ 42. Kh1 Bd6+ 43. Kg1 Bc5+ 0-1

[Event "78th UKR-ch"]
[Site "Alushta UKR"]
[Date "2009.05.16"]
[Round "6"]
[White "Mamonova, Yulia"]
[WhiteElo "2009"]
[Black "Arkhipov, Vladimir"]
[BlackElo "2183"]
[Result "1-0"]
[EventDate "2009.05.10"]
[PlyCount "91"]

1. e4 e6 2. d4 d5 3. Nd2 Nf6 4. e5 Ng8 5. Bd3 Qd7 6. Ne2 b6 7. c3 Bb7 8. O-O
Nc6 9. Nf4 Nge7 10. Qh5 g6 11. Qe2 Bg7 12. Re1 O-O 13. Nf1 Nd8 14. Ne3 Kh8 15.
b4 c5 16. bxc5 bxc5 17. Ng4 cxd4 18. cxd4 Ndc6 19. Ba3 Nxd4 20. Qb2 Ndf5 21.
Nf6 Qc7 22. Rac1 Bc6 23. Bxf5 Nxf5 24. Bxf8 Rxf8 25. Nd3 a5 26. Rc5 Ne7 27. Qc3
Ra8 28. Rc1 Ra6 29. Ne8 Qd8 30. Nxg7 Kxg7 31. Qd2 d4 32. Qg5 Qd7 33. Nf4 Ng8
34. Qg3 h6 35. Qd3 Rb6 36. Rd1 a4 37. h3 Rb4 38. a3 Bb5 39. Qc2 Rb3 40. Rc7 d3
41. Qc5 Qe8 42. Rc8 Qxc8 43. Qxc8 Rxa3 44. Qc7 g5 45. Nxe6+ Kg6 46. Nd4 1-0

[Event "78th UKR-ch"]
[Site "Alushta UKR"]
[Date "2009.05.16"]
[Round "6"]
[White "Pylyposian, Mikael"]
[WhiteElo "1988"]
[Black "Domnin, Sergei"]
[BlackElo "2095"]
[Result "1-0"]
[EventDate "2009.05.10"]
[PlyCount "101"]

1. e4 c6 2. d4 d5 3. exd5 cxd5 4. c4 Nf6 5. Nf3 e6 6. Nc3 Be7 7. cxd5 Nxd5 8.
Bc4 Nxc3 9. bxc3 O-O 10. O-O Nd7 11. Bd3 Nf6 12. Bc2 b6 13. Qd3 Bb7 14. Ng5 g6
15. f3 Rc8 16. Ne4 Qc7 17. Bb2 Rfd8 18. Bb3 Nd5 19. Rfd1 Qf4 20. Rac1 h5 21.
Rc2 h4 22. Bc1 Qf5 23. a3 Nf4 24. Qd2 g5 25. Qe1 Kg7 26. c4 Rd7 27. Bb2 Kf8 28.
Rcc1 Rdc7 29. a4 Nxg2 30. Kxg2 h3+ 31. Kf2 g4 32. Qe3 gxf3 33. Ng3 Qg6 34. Qd3
f5 35. Rg1 Bh4 36. Ba3+ Kf7 37. Bd6 Be4 38. Qe3 Rd7 39. Be5 Rg8 40. Bc2 Ke8 41.
Bxe4 fxe4 42. Rce1 Qf7 43. Qxe4 Be7 44. Qxf3 Qh7 45. Qh5+ Qxh5 46. Nxh5 Bh4+
47. Ke3 Rf8 48. Ref1 Rdf7 49. Rxf7 Rxf7 50. Rg8+ Kd7 51. Rg7 1-0

[Event "78th UKR-ch"]
[Site "Alushta UKR"]
[Date "2009.05.16"]
[Round "6"]
[White "Harnazhenko, Dmytro"]
[WhiteElo "1890"]
[Black "Lomakin, Viktor"]
[BlackElo "2120"]
[Result "0-1"]
[EventDate "2009.05.10"]
[PlyCount "94"]

1. e4 c5 2. c3 d6 3. d4 Nf6 4. dxc5 Nc6 5. Bc4 Nxe4 6. Bxf7+ Kxf7 7. Qd5+ e6 8.
Qxe4 d5 9. Qf3+ Kg8 10. Nh3 Bxc5 11. O-O Qf6 12. Qd1 h6 13. Nf4 Bd6 14. Ne2 Bd7
15. Be3 Rd8 16. f4 h5 17. Nd2 Be8 18. Nb3 Bb8 19. Ned4 Bf7 20. Qd2 Nxd4 21.
Nxd4 Rd7 22. Rae1 Bg6 23. Nf3 Bf5 24. Bd4 Qh6 25. Ng5 Bc7 26. Qe3 Rd6 27. Be5
Bb6 28. Bd4 Bc7 29. Rf2 Rc6 30. h3 h4 31. Rfe2 Qg6 32. Qf3 Bd8 33. Bxa7 Bxg5
34. fxg5 Qxg5 35. Bd4 Qg6 36. a4 Rh5 37. Kh2 Rg5 38. Qf4 Be4 39. Rg1 e5 40.
Bxe5 Rf5 41. Qxh4 Rxe5 42. Qf4 Qe8 43. Ree1 Rce6 44. b3 Rf5 45. Qh4 Rh6 46. Qg3
Rg6 47. Qe3 Qb8+ 0-1

[Event "78th UKR-ch"]
[Site "Alushta UKR"]
[Date "2009.05.16"]
[Round "6"]
[White "Tikhonov, Gennady"]
[WhiteElo "1984"]
[Black "Vatinyan, Gor"]
[BlackElo "1951"]
[Result "1-0"]
[EventDate "2009.05.10"]
[PlyCount "91"]

1. d4 Nf6 2. c4 d6 3. Nc3 Nbd7 4. e4 e5 5. d5 Be7 6. f3 O-O 7. Bd3 Nh5 8. Nge2
Bg5 9. O-O Nc5 10. Bc2 a5 11. a3 b6 12. b3 Bd7 13. Bxg5 Qxg5 14. Qc1 Qxc1 15.
Rfxc1 g6 16. b4 Nb7 17. Ba4 Bxa4 18. Nxa4 f5 19. Nac3 Nf6 20. Ng3 f4 21. Nh1 g5
22. Nf2 h5 23. Nb5 Rf7 24. Nd3 g4 25. Kf2 h4 26. Ke2 Rh7 27. h3 gxh3 28. gxh3
Kh8 29. Nf2 Rg7 30. Ng4 Nxg4 31. hxg4 Rh7 32. Kf2 Kg8 33. Kg2 Kf8 34. Nc3 Ke7
35. Nd1 Kd7 36. Nf2 Nd8 37. c5 bxc5 38. bxc5 c6 39. Rab1 dxc5 40. Rxc5 Kd6 41.
Nd3 Raa7 42. Kh3 Rab7 43. Rxb7 Rxb7 44. dxc6 Nxc6 45. Rd5+ Ke6 46. Nc5+ 1-0

[Event "78th UKR-ch"]
[Site "Alushta UKR"]
[Date "2009.05.17"]
[Round "7"]
[White "Kovalenko, Igor"]
[WhiteElo "2449"]
[Black "Tukhaev, Adam"]
[BlackElo "2517"]
[Result "1/2-1/2"]
[EventDate "2009.05.10"]
[PlyCount "112"]

1. d4 Nf6 2. c4 g6 3. Nc3 d5 4. Nf3 Bg7 5. Bg5 Ne4 6. cxd5 Nxg5 7. Nxg5 e6 8.
Qd2 exd5 9. Qe3+ Kf8 10. Qf4 Bf6 11. h4 Kg7 12. e3 c6 13. Bd3 h6 14. Nf3 Be6
15. O-O-O Nd7 16. g4 Qb8 17. Rdg1 Be7 18. Qxb8 Raxb8 19. Ne1 Nf6 20. f3 Bd6 21.
Bc2 Rbe8 22. Nd3 Bd7 23. Kd2 Re7 24. g5 Nh5 25. f4 Bf5 26. Ne5 Bxc2 27. Kxc2
Bxe5 28. fxe5 Kf8 29. b4 a6 30. Kd3 Ng7 31. a4 Ne6 32. gxh6 Rxh6 33. b5 axb5
34. axb5 Kg7 35. Rg4 f6 36. exf6+ Kxf6 37. Rf1+ Kg7 38. Ra1 Rh5 39. Ra7 Kf7 40.
Kd2 Rf5 41. bxc6 bxc6 42. Rxe7+ Kxe7 43. Rxg6 Rh5 44. Rg4 Kf6 45. Ke2 Rf5 46.
Na4 Rh5 47. Nb6 c5 48. dxc5 Nxc5 49. Kf3 Ne6 50. Rb4 Kg6 51. Rg4+ Kf6 52. Na4
d4 53. exd4 Rd5 54. Nc3 Rxd4 55. Ne4+ Kf5 56. Ng3+ Kf6 1/2-1/2

[Event "78th UKR-ch"]
[Site "Alushta UKR"]
[Date "2009.05.17"]
[Round "7"]
[White "Kovalev, Denis"]
[WhiteElo "2447"]
[Black "Strelnikov, Sergei"]
[BlackElo "2393"]
[Result "1-0"]
[EventDate "2009.05.10"]
[PlyCount "81"]

1. Nf3 g6 2. g3 Bg7 3. Bg2 c5 4. c4 Nc6 5. O-O e6 6. Nc3 Nge7 7. b3 d5 8. Bb2
d4 9. Na4 b6 10. a3 Bb7 11. Rb1 Rb8 12. b4 Qd6 13. d3 Bh6 14. bxc5 bxc5 15. Bc1
Bxc1 16. Qxc1 O-O 17. Qf4 e5 18. Nxe5 Nxe5 19. Bxb7 f6 20. Rb5 a6 21. Rb6 Qd7
22. Rxf6 Rxf6 23. Qxf6 Ng4 24. Qxa6 Rxb7 25. Nxc5 Ra7 26. Qb6 Qc7 27. Qe6+ Kg7
28. Nb3 Nf5 29. Nxd4 Nxd4 30. Qxg4 Qd7 31. Qe4 31... Rxa3 $11 32. Rb1 Rb3 33.
Rxb3 Nxb3 34. c5 Qb5 35. c6 Nd2 36. Qd4+ Kg8 37. Qa1 Qxc6 38. Qa2+ Kg7 39. Qxd2
h5 40. h4 Kf6 41. d4 1-0

[Event "78th UKR-ch"]
[Site "Alushta UKR"]
[Date "2009.05.17"]
[Round "7"]
[White "Kharchenko, Boris"]
[WhiteElo "2474"]
[Black "Luzhinsky, Vitaly"]
[BlackElo "2298"]
[Result "0-1"]
[EventDate "2009.05.10"]
[PlyCount "104"]

1. e4 g6 2. d4 Bg7 3. Nc3 c6 4. Nf3 d6 5. Be3 Nf6 6. Qd2 Qa5 7. h3 Nbd7 8. Bd3
O-O 9. O-O e5 10. a4 Re8 11. Rfe1 exd4 12. Nxd4 Nc5 13. Bf1 Qc7 14. f3 Bd7 15.
Qf2 b6 16. Rad1 Rad8 17. Qh4 Bc8 18. Bg5 Ncd7 19. Bh6 Bh8 20. Nf5 Nf8 21. Nxd6
Rxd6 22. Bf4 Red8 23. Rxd6 $11 23... Rxd6 24. Bxd6 Qxd6 25. e5 Qc5+ 26. Qf2
Qxf2+ 27. Kxf2 Nd5 28. Nxd5 cxd5 29. f4 Ne6 30. g3 Nc5 31. Bg2 Bg7 32. b3 Bf8
33. g4 Ne6 34. Kg3 d4 35. Bd5 g5 36. f5 Nf4 37. Bc4 Bc5 38. h4 h6 39. hxg5 hxg5
40. Rd1 a5 41. Rf1 Bb7 42. Rxf4 gxf4+ 43. Kxf4 Bb4 44. g5 Bd2+ 45. Kg4 Kf8 46.
g6 fxg6 47. f6 Be4 48. e6 Bb4 49. Bd3 Bxd3 50. cxd3 Bd2 51. Kh4 Bh6 52. Kg4 Ke8
0-1